000 00871cam a2200253 a 4500
001 000018055
005 20200929165333.0
008 030609r19891978cu 000 j spa d
035 _a(UyMoLRL)lr1925
040 _aDO-SdBNP
_bspa
_cDLC
_dDLC
_dBNPHU
082 _aCu863.44
_bB577u
100 1 _aBianchi Ross, Ciro.
_d1948-
_939141
245 1 3 _aUn hombre en la noticia /
_cCiro Bianchi Ross ; Fermín Romero Alfau.
260 _aLa Habana :
_bPablo de la Torriente,
_c1989.
300 _axi, 199 p. ;
_c19 cm.
490 1 _aPablo
500 _aLos artículos publicados anteriormente en Revolución y cultura internacional y Cuba 1978-1989.
650 4 _aCuentos cubanos
_91482
650 4 _aLiteratura cubana
_ySIGLO XX
_99186
700 1 _aRomero Alfau, Fermín.
_eed.
_933134
830 0 _aPablo.
_933335
910 _aCatalogación por copia / LC
049 _aBNGR
999 _c17577
_d17577